Hernando de Magallanes, el famoso navegante del siglo XVI (Registro nro. 309949)

Detalles MARC
000 -ENCABEZADO
Número de control [NR] 01767nam a2200289 4500
005 - FECHA Y HORA DE LA ÚLTIMA TRANSACCIÓN
control field 20180523085502.0
008 - DE LONGITUD FIJA DE DATOS DE ELEMENTOS - INFORMACIÓN GENERAL
Elementos de longitud fija [NR] 180522n sp a|||fr|||| 001 0bspa d
040 ## - FUENTE DE CATALOGACION [NR]
Agencia de catalogación original [NR] CO-BoUCM
Idioma de catalogación [NR] spa
Quien Cataloga Sandra Yazo
Quien Clasifica Sandra Yazo
041 0# - CODIGO DE IDIOMA [R]
Código de idioma para texto/pista de sonido o título separado [R] Español
082 04 - NUMERO DE CLASIFICACION DECIMAL DEWEY [R]
Número de la edición [NR] 20
Número de clasificación [R] 923.9
092 ## - SIGNATURA TOPOGRAFICA LOCAL
Número de clasificación local E46N050
100 1# - ASIENTO PRINCIPAL--NOMBRE PERSONAL [NR]
Nombre personal [NR] Baeza, José
ID Autoridad 92563
245 10 - MENCION DE TITULO [NR]
Título [NR] Hernando de Magallanes, el famoso navegante del siglo XVI
Parte restante del título [NR] Su vida y sus hechos relatados a los niños
Mención de responsabilidad, etc. [NR] por José Baeza ; Ilustraciones de Albert
250 ## - MENCION DE EDICION [NR]
Mención de edición [NR] Tercera edición
260 ## - PUBLICACION, DISTRIBUCION, ETC. (PIE DE IMPRENTA) [R]
Lugar de publicación, distribución, etc. [R] Barcelona (España)
Nombre del editor, distribuidor, etc. [R] Araluce
Fecha de publicación, distribución, etc. [R] [fecha desconocida]
300 ## - DESCRIPCION FISICA [R]
Extensión [R] 159 páginas
Otros detalles físicos [NR] ilustraciones
Dimensiones [R] 17 x 12 cm.
490 #4 - MENCION DE SERIE [R]
Mención de serie [R] Los grandes hechos de los grandes hombres
500 ## - NOTA GENERAL [R]
Nota general [NR] Detalles físicos: Encuadernación rígida en cartón forrado en tela texturizada. Lomo y tapa delantera con datos de publicación y adornos en dorado, tapa delantera con una ilustración a color. Guardas decoradas. Anteportada. Portada impresa en una sola tinta, enmarcada en orla decorativa y marca tipográfica de la Editorial. Texto impreso en una sola columna. Mayúsculas capitales. Ilustraciones de página entera y a color fuera del texto. Índices. Conserva cinta para señalar la lectura. Cortes decorados
505 0# - NOTA DE CONTENIDO CON FORMATO PREESTABLECIDO [R]
Nota de contenido con formato preestablecido [NR] Prologuillo ; Los héroes del mar ; La ruta ignorada ; El viaje ; El puerto de los gigantes ; La isla solitaria ; La hija del mar ; El Estrecho de Magallanes ; La tragedia ; El viaje en su aspecto científico
506 ## - NOTA DE RESTRICCIONES DE ACCESO [R]
Condiciones de acceso [NR] Consulta en sala
600 14 - ASIENTO SECUNDARIO DE MATERIA - NOMBRE PERSONAL [R]
9 (RLIN) 90162
Nombre personal [NR] Magallanes, Fernando de
Fechas asociadas con el nombre [NR] m. 1521
Subdivisión de forma [R] Biografías
650 #7 - ASIENTO SECUNDARIO DE MATERIA - TERMINO TEMATICO [R]
9 (RLIN) 20130
Término temático o nombre geográfico como elemento de entrada [NR] Navegantes
Subdivisión general [R] Biografías
650 #7 - ASIENTO SECUNDARIO DE MATERIA - TERMINO TEMATICO [R]
9 (RLIN) 18524
Término temático o nombre geográfico como elemento de entrada [NR] Libros y lectura para niños
690 ## - ASUNTO AGREGADO LOCAL DE ENTRADA - TÉRMINO TEMÁTICO (OCLC, RLIN)
Acceso temático local Biografías
9 (RLIN) 7343
700 1# - ASIENTO SECUNDARIO - NOMBRE PERSONAL [R]
Nombre personal [NR] Albert
Término de relación [R] ilustrador
9 (RLIN) 92579
942 ## - ELEMENTOS DE ENTRADA AGREGADOS (KOHA)
Sistema de clasificación LOCAL
Tipo de ítem principal el descrito en 300a Libro
Edición 3
Clasificación E46N050
Existencias
Suprimido Perdido Sistema de clasificación Dañado No prestable Tipo de ítem específico Ubicación habitual Ubicación actual Localización Fecha de creación Forma de adquisición Costo Total préstamos Signatura topográfica Código de barras Última vez visto Ejemplar Price effective from Tipo de ítem
    LOCAL     Libro archivo Archivo Histórico Archivo Histórico Archivo histórico 23/05/2018 Donación 0.00   E46N050 L006603 23/05/2018 Ej.1 23/05/2018 Libro